[Event "CRO-chT1A"]
[Site "Bol"]
[Date "2014.10.07"]
[Round "4.4"]
[White "Ascic, Pero"]
[Black "Saric, Ante"]
[Result "0-1"]
[WhiteElo "2292"]
[BlackElo "2546"]
[PlyCount "100"]
[EventDate "2014.10.04"]
[EventType "team-tourn"]
[EventRounds "9"]
[EventCountry "CRO"]
[SourceTitle "OM OTB B 201907"]
[Source "Opening Master"]
[SourceDate "2019.07.06"]
[SourceVersion "2"]
[SourceVersionDate "2019.07.06"]
[SourceQuality "1"]

1. e4 c5 2. Nf3 d6 3. d4 cxd4 4. Nxd4 Nf6 5. Nc3 Nc6 6. Be2 e5 7. Nb3 Be7 8.
O-O O-O 9. Kh1 a5 10. Be3 Be6 11. f4 a4 12. Nd2 exf4 13. Rxf4 Ne5 14. Rf1 d5
15. Bd4 Nc6 16. Bxf6 Bxf6 17. Nxd5 Bxd5 18. exd5 Qxd5 19. Nc4 Qg5 20. Bd3 Qh4
21. Qe1 Qxe1 22. Raxe1 Rad8 23. b3 Nb4 24. Be4 b5 25. Na3 Rb8 26. c4 Nxa2 27.
cxb5 axb3 28. Bc6 Nb4 29. Nb1 Rfc8 30. Bd7 Rd8 31. Re4 Nd3 32. Bg4 Rxb5 33. g3
Re5 34. Rxe5 Nxe5 35. Bd1 b2 36. Kg2 Nc4 37. Re1 g6 38. Bc2 Bg5 39. Kf2 Ra8 40.
Re4 Rc8 41. Re1 Ne3 42. Bd3 Ng4+ 43. Kg2 Rd8 44. Bb5 Kg7 45. h3 Ne3+ 46. Kf2
Nf5 47. Bc4 Rd4 48. Bb3 Nxg3 49. Re8 Ne4+ 50. Ke2 Nd2 0-1

[Event "Novokuznetsk Kustov op"]
[Site "Novokuznetsk"]
[Date "2014.10.05"]
[Round "3"]
[White "Lyashenko, Anna"]
[Black "Kosheparova, Tatiana"]
[Result "0-1"]
[WhiteElo "2063"]
[BlackElo "1889"]
[PlyCount "64"]
[EventDate "2014.09.28"]
[EventType "swiss"]
[EventRounds "9"]
[EventCountry "RUS"]
[SourceTitle "OM OTB B 201907"]
[Source "Opening Master"]
[SourceDate "2019.07.06"]
[SourceVersion "2"]
[SourceVersionDate "2019.07.06"]
[SourceQuality "1"]

1. e4 c5 2. Nf3 d6 3. d4 cxd4 4. Nxd4 Nf6 5. Nc3 Nc6 6. Be2 e5 7. Nb3 Be7 8.
Be3 O-O 9. O-O a5 10. f4 a4 11. fxe5 dxe5 12. Nd2 a3 13. b3 Qa5 14. Na4 Rd8 15.
Bd3 Bg4 16. Qe1 Nd4 17. c3 Nxb3 18. Nc4 Qxa4 19. axb3 Qb5 20. Bc2 Be6 21. Nd2
Rac8 22. c4 Qb4 23. h3 b5 24. Qf2 bxc4 25. bxc4 Bxc4 26. Rfb1 Qc3 27. Nf3 a2
28. Rc1 Ba3 29. Bd2 Rxd2 30. Qxd2 Qxd2 31. Nxd2 Bxc1 32. Rxc1 Bd3 0-1

[Event "Budapest FS10 FM-A"]
[Site "Budapest"]
[Date "2014.10.05"]
[Round "2"]
[White "Furedi, Erik"]
[Black "Mester, Attila"]
[Result "1-0"]
[WhiteElo "2124"]
[BlackElo "1996"]
[PlyCount "73"]
[EventDate "2014.10.04"]
[EventType "tourn"]
[EventRounds "9"]
[EventCountry "HUN"]
[SourceTitle "OM OTB B 201907"]
[Source "Opening Master"]
[SourceDate "2019.07.06"]
[SourceVersion "2"]
[SourceVersionDate "2019.07.06"]
[SourceQuality "1"]

1. e4 c5 2. Nf3 d6 3. d4 cxd4 4. Nxd4 Nf6 5. Nc3 Nc6 6. Be2 e5 7. Nb3 Be7 8.
Be3 O-O 9. f3 a5 10. Nd5 a4 11. Nd2 Nxd5 12. exd5 Nb8 13. c4 f5 14. Qc2 Nd7 15.
Bd3 Nc5 16. Bxc5 dxc5 17. a3 Bd6 18. O-O-O Bd7 19. g4 g6 20. h4 Kg7 21. h5 Qg5
22. gxf5 Bxf5 23. Rdg1 Qf4 24. Bxf5 Qxf5 25. Qxf5 Rxf5 26. Ne4 Rd8 27. hxg6
hxg6 28. Rg3 Bf8 29. Rhg1 Kf7 30. Rxg6 Rxf3 31. Rb6 Rf4 32. Rxb7+ Ke8 33. Rg4
Rd7 34. Rxf4 Rxb7 35. Rf5 Rg7 36. Rxe5+ Kd7 37. Nf6+ 1-0

[Event "Hong Kong Open 2014"]
[Site "Hong Kong HKG"]
[Date "2014.10.04"]
[Round "8.18"]
[White "Behnam, H."]
[Black "Li, Xinyu"]
[Result "0-1"]
[WhiteElo "1975"]
[BlackElo "1709"]
[PlyCount "116"]
[EventDate "2014.??.??"]

1. e4 c5 2. Nf3 d6 3. d4 cxd4 4. Nxd4 Nf6 5. Nc3 Nc6 6. Be2 e5 7. Nf3 h6 8. O-O
Be7 9. h3 O-O 10. Bc4 Be6 11. Bb3 Na5 12. Re1 Nxb3 13. axb3 a6 14. Be3 Rc8 15.
Qd3 Qc7 16. Rad1 Rfd8 17. Qe2 Qc6 18. Bc1 b5 19. Rd2 Qc7 20. Red1 Bd7 21. Kh1
b4 22. Nd5 Nxd5 23. exd5 a5 24. Nxe5 Bg5 25. Nxd7 Bxd2 26. Nf6+ gxf6 27. Bxd2
Qxc2 28. Rc1 Qg6 29. Rxc8 Rxc8 30. Bf4 Rc5 31. Qa6 Qf5 32. Bxh6 Rxd5 33. Qa8+
Kh7 34. Qf8 Qg6 35. Be3 Rd3 36. Qd8 Rxb3 37. Bd4 Rxh3+ 38. gxh3 Qe4+ 39. Kg1
Qxd4 40. Qxa5 Qc5 41. Qxc5 dxc5 42. Kf1 c4 43. Ke2 Kg6 44. Ke3 Kg5 45. Kd4 c3
46. bxc3 bxc3 47. Kxc3 Kh4 48. Kd3 Kxh3 49. Ke2 Kg4 50. Ke3 f5 51. Ke2 f4 52.
Ke1 Kf3 53. Kf1 f6 54. Kg1 Ke2 55. Kg2 f3+ 56. Kg1 f5 57. Kh2 Kxf2 58. Kh1 Ke2
0-1

[Event "RSSS-ch (Women)"]
[Site "Ekaterinburg"]
[Date "2014.09.30"]
[Round "8"]
[White "Lyashenko, Anna"]
[Black "Sazonova, Anastasia"]
[Result "0-1"]
[WhiteElo "2063"]
[BlackElo "2031"]
[PlyCount "90"]
[EventDate "2014.09.23"]
[EventType "swiss"]
[EventRounds "9"]
[EventCountry "RUS"]
[SourceTitle "OM OTB B 201907"]
[Source "Opening Master"]
[SourceDate "2019.07.06"]
[SourceVersion "2"]
[SourceVersionDate "2019.07.06"]
[SourceQuality "1"]

1. e4 c5 2. Nf3 Nc6 3. d4 cxd4 4. Nxd4 Nf6 5. Nc3 d6 6. Be2 e5 7. Nb3 Be7 8.
Be3 O-O 9. f3 Be6 10. Qd2 d5 11. exd5 Nxd5 12. Nxd5 Qxd5 13. Qxd5 Bxd5 14. O-O
b6 15. c4 Be6 16. Rac1 Rac8 17. Nd2 f6 18. a3 Rfd8 19. Rfd1 Nd4 20. Bf1 a5 21.
Rb1 Bc5 22. Bf2 Nc2 23. Ne4 Bxf2+ 24. Kxf2 Nd4 25. Nd2 Bf5 26. Ne4 Bxe4 27.
fxe4 a4 28. Rd2 Kf8 29. Ke3 Ke7 30. g3 Rd6 31. Kf2 g6 32. Re1 Rc5 33. Ke3 Rd8
34. Rb1 f5 35. Re1 h6 36. Bd3 f4+ 37. gxf4 exf4+ 38. Kxf4 Rf8+ 39. Ke3 Nf3 40.
Ree2 Nxd2 41. Kxd2 Ke6 42. Kc3 Rf3 43. Rd2 Rc8 44. Kc2 Ke5 45. Be2 Rf2 0-1

[Event "SUI-ch HT"]
[Site "Bern"]
[Date "2014.09.30"]
[Round "5"]
[White "Thuner, Stefan"]
[Black "De Seroux, Camille"]
[Result "0-1"]
[WhiteElo "1968"]
[BlackElo "2115"]
[PlyCount "84"]
[EventDate "2014.09.27"]
[EventType "swiss"]
[EventRounds "9"]
[EventCountry "SUI"]
[SourceTitle "OM OTB B 201907"]
[Source "Opening Master"]
[SourceDate "2019.07.06"]
[SourceVersion "2"]
[SourceVersionDate "2019.07.06"]
[SourceQuality "1"]

1. e4 c5 2. Nf3 Nc6 3. d4 cxd4 4. Nxd4 Nf6 5. Nc3 d6 6. Be2 e5 7. Nb3 Be7 8.
O-O O-O 9. Be3 a5 10. f3 Be6 11. Nd5 a4 12. Nc1 Bxd5 13. exd5 Nb8 14. c4 Qc7
15. Bd3 Nbd7 16. Qe2 Rfc8 17. Qf2 b5 18. cxb5 Nxd5 19. Ne2 Nb4 20. Bf5 Rcb8 21.
f4 Nd5 22. Rac1 Qb7 23. Bxd7 Qxd7 24. b6 Bd8 25. Kh1 Nxe3 26. Qxe3 Bxb6 27. Qd3
Qe7 28. fxe5 dxe5 29. Rc6 Rb7 30. Qc4 Rc7 31. Nc3 Qd7 32. Rxc7 Qxc7 33. Qb5 Bd4
34. Nxa4 Qc2 35. Qd5 Rf8 36. b3 Qxa2 37. Qc4 Qa3 38. h3 h6 39. Qd5 Qe7 40. Qc4
Rb8 41. Qd5 Qb7 42. Qc4 Qxb3 0-1

[Event "RSSS-ch (Women)"]
[Site "Ekaterinburg"]
[Date "2014.09.25"]
[Round "2"]
[White "Adamova, Tuyaara"]
[Black "Sazonova, Anastasia"]
[Result "1-0"]
[WhiteElo "1973"]
[BlackElo "2031"]
[PlyCount "76"]
[EventDate "2014.09.23"]
[EventType "swiss"]
[EventRounds "9"]
[EventCountry "RUS"]
[SourceTitle "OM OTB B 201907"]
[Source "Opening Master"]
[SourceDate "2019.07.06"]
[SourceVersion "2"]
[SourceVersionDate "2019.07.06"]
[SourceQuality "1"]

1. e4 c5 2. Nf3 Nc6 3. d4 cxd4 4. Nxd4 Nf6 5. Nc3 d6 6. Be2 e5 7. Nb3 Be7 8.
O-O O-O 9. Be3 a5 10. f3 a4 11. Nd2 a3 12. Nc4 axb2 13. Rb1 Be6 14. Rxb2 Bxc4
15. Bxc4 Na5 16. Bb5 Qc7 17. Qd3 Rfc8 18. Na4 Nc4 19. Bxc4 Rxa4 20. Bb5 Raa8
21. c4 Nd7 22. Bxd7 Qxd7 23. Rfb1 Qe6 24. Rxb7 Rxa2 25. Qd5 Bf8 26. Rc1 Ra4 27.
Qxe6 fxe6 28. c5 dxc5 29. Rb5 c4 30. Rxe5 c3 31. Rc2 Kf7 32. Rb5 Ba3 33. Kf2
Bb2 34. Ke2 Rd8 35. Rb7+ Kg6 36. Rb5 h6 37. h4 Ra1 38. h5+ Kf7 1-0

[Event "FICS rated standard game"]
[Site "FICS freechess.org"]
[Date "2014.09.23"]
[Round "?"]
[White "zhengqjf"]
[Black "Chumby"]
[Result "1/2-1/2"]
[WhiteElo "2177"]
[BlackElo "2305"]
[PlyCount "89"]
[EventDate "2014.??.??"]

1. e4 c5 2. Nf3 d6 3. d4 cxd4 4. Nxd4 Nf6 5. Nc3 Nc6 6. Be2 e5 7. Nb3 Be7 8.
O-O O-O 9. f4 a5 10. a4 Nb4 11. Kh1 Qb6 12. Bf3 Be6 13. f5 Bc4 14. Re1 Nxc2 15.
Qxc2 Bxb3 16. Qe2 Rfc8 17. Be3 Qb4 18. g4 h6 19. g5 hxg5 20. Bxg5 Kf8 21. Qg2
Ke8 22. Be3 Bc4 23. Rac1 Bf8 24. Bg5 Rc5 25. Bxf6 gxf6 26. Be2 Qxb2 27. Bxc4
Qxg2+ 28. Kxg2 Rxc4 29. Nd5 Rac8 30. Rb1 Rb8 31. Rec1 Rxa4 32. Rc7 Bg7 33. Rb6
Rxe4 34. Rxd6 Rg4+ 35. Kf3 Rd4 36. Re7+ Kf8 37. Rdd7 e4+ 38. Ke3 Rxd5 39. Rxf7+
Kg8 40. Rxg7+ Kh8 41. Rh7+ Kg8 42. Rdg7+ Kf8 43. Rf7+ Kg8 44. Rfg7+ Kf8 45.
Rf7+ 1/2-1/2

[Event "Wch U16 Girls"]
[Site "Durban"]
[Date "2014.09.22"]
[Round "4"]
[White "Suchomelova, Simona"]
[Black "Bluhm, Sonja Maria"]
[Result "0-1"]
[WhiteElo "1895"]
[BlackElo "2155"]
[PlyCount "96"]
[EventDate "2014.09.20"]
[EventType "swiss"]
[EventRounds "11"]
[EventCountry "RSA"]
[SourceTitle "OM OTB B 201907"]
[Source "Opening Master"]
[SourceDate "2019.07.06"]
[SourceVersion "2"]
[SourceVersionDate "2019.07.06"]
[SourceQuality "1"]

1. e4 c5 2. Nf3 Nc6 3. d4 cxd4 4. Nxd4 Nf6 5. Nc3 d6 6. Be2 e5 7. Nb3 Be7 8.
O-O O-O 9. f4 a5 10. a4 Nb4 11. Kh1 Bd7 12. Be3 Qc7 13. Qd2 Bc6 14. Bf3 b6 15.
Qf2 Rab8 16. Rae1 Rfe8 17. Re2 Bf8 18. Qg3 Kh8 19. Nc1 Qb7 20. Bg1 Qd7 21. fxe5
dxe5 22. Rd1 Qb7 23. Nd3 Nxd3 24. Rxd3 Bb4 25. Qh4 Bxc3 26. Rxc3 Bxa4 27. Be3
Rbc8 28. Rxc8 Rxc8 29. b3 Bc6 30. Bg5 Ng8 31. Bg4 Bd7 32. Bxd7 Qxd7 33. Rd2 Qb5
34. h3 a4 35. bxa4 Qxa4 36. Qg4 Rxc2 37. Rd8 Qc4 38. Bh6 Qf1+ 39. Kh2 Qf6 40.
Bg5 Qc6 41. Qd1 h6 42. Qf3 Qg6 43. Be7 Kh7 44. Rd6 f6 45. Bf8 Rc8 46. Bxg7 Kxg7
47. Rd7+ Kh8 48. Qd3 Qg5 0-1

[Event "SB-00383"]
[Site "LSS"]
[Date "2014.09.13"]
[Round "?"]
[White "Introini, Luis Freddy"]
[Black "Schmitz, Martin"]
[Result "0-1"]
[WhiteElo "1895"]
[BlackElo "2150"]
[PlyCount "25"]
[EventDate "2014.08.23"]
[SourceTitle "LSS to Dec2020"]
[Source "LSS ed TH"]
[SourceDate "2021.01.12"]
[SourceVersion "3"]
[SourceVersionDate "2021.01.12"]
[SourceQuality "1"]

1. e4 c5 2. Nc3 Nc6 3. Nf3 d6 4. d4 cxd4 5. Nxd4 Nf6 6. Be2 e5 7. Nf3 h6 8. Be3
Be6 9. O-O Be7 10. h3 O-O 11. Qd2 d5 12. exd5 Nxd5 13. Nxd5 0-1

[Event "FICS rated standard game"]
[Site "FICS freechess.org"]
[Date "2014.09.12"]
[Round "?"]
[White "TobyLin"]
[Black "Sillycon"]
[Result "0-1"]
[WhiteElo "2141"]
[BlackElo "2326"]
[PlyCount "35"]
[EventDate "2014.??.??"]

1. e4 c5 2. Nf3 Nc6 3. d4 cxd4 4. Nxd4 Nf6 5. Nc3 d6 6. Be2 e5 7. Nb3 Be7 8.
Be3 Be6 9. Qd2 a5 10. O-O-O a4 11. Na1 O-O 12. f3 a3 13. b3 Nb4 14. Kb1 d5 15.
exd5 Nbxd5 16. Nxd5 Nxd5 17. c3 Qa5 18. Rc1 0-1

[Event "IND-chB (Women) 41st"]
[Site "Mapusa"]
[Date "2014.09.10"]
[Round "6"]
[White "Harshita, Guddanti"]
[Black "Nimmy, A George"]
[Result "1/2-1/2"]
[WhiteElo "1944"]
[BlackElo "2118"]
[PlyCount "168"]
[EventDate "2014.09.07"]
[EventType "swiss"]
[EventRounds "11"]
[EventCountry "IND"]
[SourceTitle "OM OTB B 201907"]
[Source "Opening Master"]
[SourceDate "2019.07.06"]
[SourceVersion "2"]
[SourceVersionDate "2019.07.06"]
[SourceQuality "1"]

1. e4 c5 2. Nf3 d6 3. d4 cxd4 4. Nxd4 Nf6 5. Nc3 Nc6 6. Be2 e5 7. Nf3 h6 8. O-O
Be7 9. h3 O-O 10. Re1 a6 11. Bf1 b5 12. a4 b4 13. Nd5 a5 14. Bc4 Nxd5 15. Bxd5
Qc7 16. Nh2 Be6 17. Be3 Rac8 18. Qd3 Nb8 19. Rec1 Nd7 20. c4 Nc5 21. Qd1 Qd8
22. Bxc5 Rxc5 23. Bxe6 fxe6 24. Qd3 Rf4 25. f3 Qc8 26. Qf1 Bd8 27. b3 Bb6 28.
Kh1 Rc7 29. Rd1 Bd4 30. Rab1 Rcf7 31. Qe2 Bc5 32. Nf1 Qd8 33. Nh2 Qg5 34. Rd3
Bd4 35. Rbd1 Rh4 36. Rf1 Bc5 37. Rfd1 Kh8 38. Rf1 Kh7 39. Rfd1 Rhf4 40. Rb1 h5
41. Rbd1 Rh4 42. Rf1 Rf6 43. Re1 Rg6 44. Rdd1 Be3 45. Qf1 Bf4 46. Qg1 Qg3 47.
Re2 Rg5 48. Rb1 Rg6 49. Rd1 Qg5 50. Qf1 Be3 51. Rde1 Bd4 52. Rd1 Rf4 53. Rd3
Qg3 54. Rd1 Qh4 55. Qe1 Qg5 56. Qf1 Qd8 57. Qe1 Rf7 58. Rb1 Rf4 59. Rd1 d5 60.
exd5 exd5 61. Rc2 dxc4 62. Rxc4 Qg5 63. Qf1 Bc3 64. Rxf4 exf4 65. Qe2 Kh6 66.
Nf1 Qf5 67. Rd8 Re6 68. Rh8+ Kg6 69. Qf2 Qb1 70. Kh2 Bf6 71. g4 h4 72. g5 Bxg5
73. Rf8 Qd1 74. Qa7 Re7 75. Qb6+ Kh7 76. Qc5 Qe2+ 77. Kg1 Qe5 78. Qc2+ g6 79.
Rd8 Qc7 80. Qxc7 Rxc7 81. Rd5 Bf6 82. Nd2 Rc2 83. Ne4 Bc3 84. Rxa5 Rb2 1/2-1/2

[Event "POL-chT1"]
[Site "Poronin"]
[Date "2014.09.07"]
[Round "9.4"]
[White "Pacuszka, Wioletta"]
[Black "Golek, Jagoda"]
[Result "1/2-1/2"]
[WhiteElo "1988"]
[BlackElo "2026"]
[PlyCount "92"]
[EventDate "2014.08.31"]
[EventType "team-tourn"]
[EventRounds "9"]
[EventCountry "POL"]
[SourceTitle "OM OTB B 201907"]
[Source "Opening Master"]
[SourceDate "2019.07.06"]
[SourceVersion "2"]
[SourceVersionDate "2019.07.06"]
[SourceQuality "1"]

1. e4 c5 2. Nf3 Nc6 3. d4 cxd4 4. Nxd4 Nf6 5. Nc3 d6 6. Be2 e5 7. Nb3 Be7 8.
Be3 O-O 9. O-O a5 10. f4 a4 11. Nd2 exf4 12. Rxf4 Ne5 13. a3 Be6 14. Kh1 d5 15.
exd5 Nxd5 16. Nxd5 Qxd5 17. Rd4 Qc6 18. Bf4 Ng6 19. Nf3 Bc5 20. Bd6 Bxd4 21.
Bxf8 Bxb2 22. Rb1 Bf6 23. Bb5 Qc3 24. Bb4 Qc8 25. Qe2 Nf4 26. Qe4 Nd5 27. Bd3
g6 28. Bd2 Bg7 29. c4 Nf6 30. Qxb7 Qxb7 31. Rxb7 Rd8 32. Bb4 h6 33. Be2 Ne4 34.
Be7 Rc8 35. Rb4 g5 36. Kg1 g4 37. Bd3 gxf3 38. Bxe4 Bd4+ 39. Kh1 f2 40. Bd3 Re8
41. Rb7 Bc8 42. Rc7 Be5 43. Rxc8 Rxc8 44. g4 Bd4 45. Kg2 Re8 46. Bb4 Re3
1/2-1/2

[Event "POL-chT2"]
[Site "Szczyrk"]
[Date "2014.09.07"]
[Round "2.29"]
[White "Dudys, Jakub"]
[Black "Zurkowski, Andrzej"]
[Result "1/2-1/2"]
[WhiteElo "2144"]
[BlackElo "2084"]
[PlyCount "81"]
[EventDate "2014.09.06"]
[EventType "team-swiss"]
[EventRounds "9"]
[EventCountry "POL"]
[SourceTitle "OM OTB B 201907"]
[Source "Opening Master"]
[SourceDate "2019.07.06"]
[SourceVersion "2"]
[SourceVersionDate "2019.07.06"]
[SourceQuality "1"]

1. e4 c5 2. Nf3 Nc6 3. d4 cxd4 4. Nxd4 Nf6 5. Nc3 d6 6. Be2 e5 7. Nb3 Be7 8.
O-O h6 9. Be3 Be6 10. f3 d5 11. exd5 Nxd5 12. Nxd5 Bxd5 13. c4 Be6 14. Nc5 Qb6
15. b4 Nxb4 16. Qa4+ Nc6 17. Qb5 Qxb5 18. cxb5 Nd8 19. Rfd1 O-O 20. Nxe6 Nxe6
21. Rd7 Bc5 22. Bxc5 Nxc5 23. Rd5 b6 24. Rxe5 Rfe8 25. Rxe8+ Rxe8 26. Kf2 Rd8
27. a4 Rd7 28. Ra3 Nb7 29. Rc3 Kf8 30. Rc6 Ke7 31. Ke3 Kd8 32. Rc4 Nd6 33. Rf4
Rc7 34. Kd2 Ke7 35. Bd3 Rc5 36. Rd4 Ke6 37. f4 f5 38. Bb1 Ke7 39. Bd3 Ke6 40.
Bb1 Ke7 41. Bd3 1/2-1/2

[Event "POL-chT1"]
[Site "Poronin"]
[Date "2014.09.06"]
[Round "8.2"]
[White "Golek, Jagoda"]
[Black "Warakomska, Anna"]
[Result "0-1"]
[WhiteElo "2026"]
[BlackElo "2173"]
[PlyCount "84"]
[EventDate "2014.08.31"]
[EventType "team-tourn"]
[EventRounds "9"]
[EventCountry "POL"]
[SourceTitle "OM OTB B 201907"]
[Source "Opening Master"]
[SourceDate "2019.07.06"]
[SourceVersion "2"]
[SourceVersionDate "2019.07.06"]
[SourceQuality "1"]

1. e4 c5 2. Nf3 Nc6 3. d4 cxd4 4. Nxd4 Nf6 5. Nc3 d6 6. Be2 e5 7. Nf3 h6 8. h3
Be7 9. O-O Be6 10. Re1 O-O 11. Bf1 Nb8 12. Nd5 Nxd5 13. exd5 Bf5 14. c4 Nd7 15.
b3 a5 16. Ba3 Rc8 17. Qd2 Bg6 18. b4 axb4 19. Qxb4 Nc5 20. Qd2 Qd7 21. Bb2 Ra8
22. Qe3 Rfe8 23. Ba3 Rec8 24. Bb4 f5 25. Nd2 Bf6 26. Bxc5 Rxc5 27. Nb3 Rcc8 28.
Qd2 Ra3 29. g3 Qa4 30. Nc1 e4 31. Rb1 Bc3 32. Qd1 Bxe1 33. Qxe1 Qa7 34. Rb3 Ra8
35. Qb4 Rxb3 36. Nxb3 e3 37. Qxd6 Qxa2 38. fxe3 Qxb3 39. Qxg6 Qxe3+ 40. Kh1
Qf3+ 41. Bg2 Ra1+ 42. Kh2 Ra2 0-1

[Event "Novokuznetsk-ch (Women)"]
[Site "Novokuznetsk"]
[Date "2014.09.06"]
[Round "3"]
[White "Vorobyova, Alyona"]
[Black "Kosheparova, Tatiana"]
[Result "1/2-1/2"]
[WhiteElo "1957"]
[BlackElo "1899"]
[PlyCount "51"]
[EventDate "2014.08.30"]
[EventType "swiss"]
[EventRounds "7"]
[EventCountry "RUS"]
[SourceTitle "OM OTB B 201907"]
[Source "Opening Master"]
[SourceDate "2019.07.06"]
[SourceVersion "2"]
[SourceVersionDate "2019.07.06"]
[SourceQuality "1"]

1. e4 c5 2. Nf3 d6 3. d4 cxd4 4. Nxd4 Nf6 5. Nc3 Nc6 6. Be2 e5 7. Nf3 h6 8. O-O
Be7 9. Re1 O-O 10. h3 Be6 11. Bf1 a6 12. b3 Nb8 13. Na4 b5 14. Nb2 Nbd7 15. c4
Nc5 16. Nd2 Qb6 17. Qe2 b4 18. Kh1 a5 19. Qd1 a4 20. bxa4 Bd7 21. f3 Nxa4 22.
Nb3 Nh5 23. Be3 Qb7 24. Nxa4 Bxa4 25. Bf2 Rfc8 26. Kg1 1/2-1/2

[Event "POL-chT1"]
[Site "Poronin"]
[Date "2014.09.03"]
[Round "4.1"]
[White "Miroslaw, Michal"]
[Black "Wieczorek, Oskar"]
[Result "0-1"]
[WhiteElo "2333"]
[BlackElo "2407"]
[PlyCount "77"]
[EventDate "2014.08.31"]
[EventType "team-tourn"]
[EventRounds "9"]
[EventCountry "POL"]
[SourceTitle "OM OTB B 201907"]
[Source "Opening Master"]
[SourceDate "2019.07.06"]
[SourceVersion "2"]
[SourceVersionDate "2019.07.06"]
[SourceQuality "1"]

1. e4 c5 2. Nf3 Nc6 3. d4 cxd4 4. Nxd4 Nf6 5. Nc3 d6 6. Be2 e5 7. Nb3 Be7 8.
O-O O-O 9. f4 a5 10. a4 Nb4 11. Bf3 Be6 12. Kh1 Qb6 13. f5 Bc4 14. Be2 d5 15.
Bxc4 dxc4 16. Nd2 Qd4 17. Nb5 Qc5 18. Ra3 Rfd8 19. Qe2 Nxc2 20. Rc3 Nd4 21.
Nxd4 Rxd4 22. Rxc4 Qb6 23. Nf3 Rxc4 24. Qxc4 Qc5 25. Qxc5 Bxc5 26. Nxe5 Nxe4
27. g3 Rc8 28. Bf4 Bd4 29. Nd3 g5 30. fxg6 hxg6 31. Be5 Bb6 32. Re1 f5 33. Re2
Rd8 34. Ne1 Re8 35. Nf3 g5 36. Bd4 g4 37. Bxb6 gxf3 38. Rc2 Re6 39. Rc8+ 0-1

[Event "Hum na Sutli op 8th"]
[Site "Hum na Sutli"]
[Date "2014.09.02"]
[Round "6"]
[White "Novosel, Vladimir"]
[Black "Jelecevic, Ivo"]
[Result "1-0"]
[WhiteElo "1922"]
[BlackElo "2152"]
[PlyCount "129"]
[EventDate "2014.08.29"]
[EventType "swiss"]
[EventRounds "9"]
[EventCountry "CRO"]
[SourceTitle "OM OTB B 201907"]
[Source "Opening Master"]
[SourceDate "2019.07.06"]
[SourceVersion "2"]
[SourceVersionDate "2019.07.06"]
[SourceQuality "1"]

1. e4 c5 2. Nf3 d6 3. Nc3 Nc6 4. d4 cxd4 5. Nxd4 Nf6 6. Be2 e5 7. Nf3 h6 8. Be3
Be7 9. a3 O-O 10. O-O Be6 11. Qd3 d5 12. Nxd5 Bxd5 13. exd5 e4 14. Qb5 exf3 15.
Bxf3 Ne5 16. Qxb7 Nxf3+ 17. gxf3 Bd6 18. Rad1 Nh5 19. Qa6 Qf6 20. Kg2 Nf4+ 21.
Kh1 Rfe8 22. Bd4 Qd8 23. Rg1 g6 24. c4 Ne2 25. Rg4 Nxd4 26. Rdxd4 Bf8 27. Rde4
Bg7 28. b4 h5 29. Rxe8+ Qxe8 30. Re4 Qd7 31. Qc6 Qd8 32. d6 Rc8 33. Qd5 Qf6 34.
Re3 Bh6 35. d7 Rd8 36. Re1 Bf4 37. Kg2 Kg7 38. c5 Qh4 39. h3 Bc7 40. c6 Qf4 41.
Kf1 Qh2 42. Qd4+ Kh6 43. Qxa7 Qxh3+ 44. Ke2 Qe6+ 45. Qe3+ g5 46. Qxe6+ fxe6 47.
Kd3 e5 48. Ke4 Kg6 49. Kd5 Kf5 50. b5 Ra8 51. Ra1 Ra5 52. Kc5 h4 53. Rd1 Bd8
54. Kb4 Ra8 55. a4 Kf4 56. Ra1 Kxf3 57. a5 h3 58. b6 h2 59. c7 Kxf2 60. c8=Q
Be7+ 61. Kb3 Rxa5 62. Qc2+ Kf3 63. Qd1+ Kg2 64. Rxa5 h1=Q 65. Ra2+ 1-0

[Event "Wiesbaden op 26th"]
[Site "Wiesbaden"]
[Date "2014.08.31"]
[Round "7"]
[White "Keller, Peter"]
[Black "Minor, Samuel"]
[Result "0-1"]
[WhiteElo "2110"]
[BlackElo "2229"]
[PlyCount "90"]
[EventDate "2014.08.28"]
[EventType "swiss"]
[EventRounds "7"]
[EventCountry "GER"]
[SourceTitle "OM OTB B 201907"]
[Source "Opening Master"]
[SourceDate "2019.07.06"]
[SourceVersion "2"]
[SourceVersionDate "2019.07.06"]
[SourceQuality "1"]

1. e4 c5 2. Nf3 Nc6 3. d4 cxd4 4. Nxd4 Nf6 5. Nc3 d6 6. Be2 e5 7. Nf3 h6 8. O-O
Be7 9. Re1 O-O 10. h3 Be6 11. Bf1 Rc8 12. Nd5 Bxd5 13. exd5 Nb4 14. c4 a5 15.
Be3 Nd7 16. Nd2 f5 17. f4 Bh4 18. Re2 Nd3 19. Nf3 Nxf4 20. Bxf4 exf4 21. Nxh4
Qxh4 22. Re6 Rf6 23. Qe1 Qxe1 24. Raxe1 Rcf8 25. a3 a4 26. Rxf6 Rxf6 27. Re8+
Kf7 28. Ra8 Nc5 29. Be2 Ke7 30. Bd1 Rg6 31. Kh2 Rg3 32. Bxa4 Nxa4 33. Rxa4 Rb3
34. Rb4 Rxb4 35. axb4 Kf6 36. c5 Ke5 37. c6 bxc6 38. dxc6 Ke6 39. b5 d5 40. b6
Kd6 41. b7 Kc7 42. Kg1 g5 43. Kf2 g4 44. h4 d4 45. Ke2 f3+ 0-1

[Event "FRM-ch op 23rd"]
[Site "Struga"]
[Date "2014.08.30"]
[Round "6"]
[White "Pejchinoski, Dejan"]
[Black "Tairi, Krenar"]
[Result "0-1"]
[WhiteElo "1686"]
[BlackElo "1895"]
[PlyCount "54"]
[EventDate "2014.08.25"]
[EventType "swiss"]
[EventRounds "9"]
[EventCountry "MKD"]
[SourceTitle "OM OTB B 201907"]
[Source "Opening Master"]
[SourceDate "2019.07.06"]
[SourceVersion "2"]
[SourceVersionDate "2019.07.06"]
[SourceQuality "1"]

1. e4 c5 2. Nf3 Nc6 3. d4 cxd4 4. Nxd4 Nf6 5. Nc3 d6 6. Be2 e5 7. Nf3 h6 8. Bc4
Be7 9. O-O O-O 10. h3 Be6 11. Qe2 Rc8 12. Bb3 a6 13. Rd1 Qc7 14. Be3 Rfd8 15.
Rd2 b5 16. a3 Qb7 17. Ne1 Na5 18. Bxe6 fxe6 19. f3 Nc4 20. Rdd1 Nxb2 21. Rdb1
Rxc3 22. Rxb2 d5 23. a4 dxe4 24. axb5 exf3 25. gxf3 Rd5 26. Rxa6 Rxe3 27. Qf1
Rd1 0-1

[Event "Wiesbaden op 26th"]
[Site "Wiesbaden"]
[Date "2014.08.28"]
[Round "1"]
[White "Klebs, Sebastian"]
[Black "Legde, Georg"]
[Result "0-1"]
[WhiteElo "1849"]
[BlackElo "2323"]
[PlyCount "66"]
[EventDate "2014.08.28"]
[EventType "swiss"]
[EventRounds "7"]
[EventCountry "GER"]
[SourceTitle "OM OTB B 201907"]
[Source "Opening Master"]
[SourceDate "2019.07.06"]
[SourceVersion "2"]
[SourceVersionDate "2019.07.06"]
[SourceQuality "1"]

1. e4 c5 2. Nf3 d6 3. d4 cxd4 4. Nxd4 Nf6 5. Nc3 Nc6 6. Be2 e5 7. Nb3 Be7 8.
O-O O-O 9. Be3 Be6 10. f4 exf4 11. Bxf4 Rc8 12. Kh1 Re8 13. Qd2 Ne5 14. Rad1 a6
15. Nd4 Qb6 16. Na4 Qc7 17. Nc3 b5 18. a3 Qb7 19. Bf3 Nxf3 20. gxf3 Bf8 21.
Nxe6 Rxe6 22. Qg2 b4 23. Nd5 Nxd5 24. Rxd5 bxa3 25. bxa3 Qb2 26. Rd2 Qxa3 27.
Rg1 a5 28. Rgd1 Rc3 29. Rd3 a4 30. Rxc3 Qxc3 31. Rd3 Qb4 32. Be3 a3 33. c3 Qb1+
0-1